Flags of the Americas- Sudden Death - Statistics

General Stats
  • This quiz has been taken 183 times
  • The average score is 11 of 13
Answers on the Grid
Answers color-coded by a green-red scale on the quiz's grid according to % correct below.
 
Answer Stats
Answer % Correct
95%
94%
88%
88%
87%
86%
85%
84%
82%
77%
74%
64%
61%
No matching quizzes found
Score Distribution
Percent of People with Each Score
Percentile by Number Answered
Your Score History
You have not taken this quiz